000 00657nam a22002057a 4500
005 20251108172317.0
008 250721s1997 xx 000 0 ara d
082 1 4 _a005.13/جوت
100 1 _aجوتفريد، بايرون س
245 1 0 _aنظريات و مسائل في البرمجة بلغة C /
250 _aط2
264 1 _aالقاهرة :
_bالدار الدولية للنشر و التوزيع،
_c1997.
300 _a
490 0 _aملخصات شوم
650 1 7 _aلغات البرمجة
650 1 7 _aالحواسيب
700 1 _aسرور، سرور علي إبراهيم
_eترجمة
942 _2ddc
_cBK
999 _c75828
_d75828